000 00410cam a22001337a 4500
008 180718b1985 xxu||||| |||| 00| 0 eng d
082 _aC.U.S B131x5451 R246
245 _aUrban crisis in India
_cedited by K. Vithal Reddy and Ram Mohan Rao
260 _aIndia
_bHyderabad
_c1985
300 _axvi,199p
650 _aban policy -India -Congresses.
700 _aRao, Ram Mohan,ed
700 _aReddy, K. Vithal,ed
999 _c417914
_d417914